00470nam a2200181Ia 4500003000900000008004100009040001300050040001300063041000800076100001700084245012500101250001100226260001500237260000900252300001100261300001000272490000600282IT-RoPAU120407s9999 xx 000 0 und d aIT-RoPAU cIT-RoPAU aita aA. Arrighini aQuinto: Non uccidere. Il rispetto alla vita: suicidio, infanticidio, omicidio, eutanasia, duello, guerra, pena di morte. aPadova aGregoriana c1940 a283 p. c22 cm v1